[Event "PRO League KO Stage 2017"]
[Site "chess.com INT"]
[Date "2017.03.08"]
[Round "2"]
[White "Agrest,E"]
[Black "Roberson,P"]
[Result "1-0"]
[WhiteElo "2593"]
[BlackElo "2397"]

1.d4 Nf6 2.Bf4 d5 3.e3 c5 4.c3 e6 5.Nd2 Bd6 6.Bg3 O-O 7.Ngf3 b6 8.Bb5 Bb7
9.Ne5 a6 10.Bd3 Nc6 11.f4 Ne7 12.Qb1 g6 13.Bf2 cxd4 14.exd4 Nf5 15.O-O Be7
16.Qc2 Nd6 17.Bh4 Nfe4 18.Bxe7 Qxe7 19.Rae1 b5 20.Nb3 Rac8 21.Qe2 Rfe8 22.Ra1
f6 23.Nf3 Nc4 24.a3 Rc7 25.Kh1 Kg7 26.Rab1 Qd6 27.Nfd2 Nexd2 28.Nxd2 e5
29.Bxc4 dxc4 30.dxe5 fxe5 31.Nf3 Bxf3 32.Rxf3 e4 33.Rff1 Qe6 34.Rbd1 e3 35.h3
Rd7 36.Rfe1 Rd2 37.Qxd2 exd2 38.Rxe6 Rxe6 39.Rxd2 h5 40.g3 a5 41.Kg2 b4
42.axb4 axb4 43.Kf3 bxc3 44.bxc3 Kf6 45.Rd4 Rc6 46.Rd5 Rc7 47.g4 hxg4+ 48.hxg4
Rh7 49.Kg3 Re7 50.Kf2 Rc7 51.Ke3 Rh7 52.f5 gxf5 53.Rxf5+ Ke6 54.Kd4 Rc7 55.Rc5
Rg7 56.g5 Rf7 57.Kxc4 Rf4+ 58.Kb5 Rg4 59.Kc6 Ke7 60.Re5+ Kd8 61.Kc5 Kd7 62.c4
Rg3 63.Rd5+ Kc7 64.Rf5 Kd7 65.Rf7+ Ke6 66.Rg7 Rg4 67.Kb5 Rg2 68.c5 Kd5 69.Rd7+
Ke6 70.Rd1 Rxg5 71.Kb6 Rg2 72.c6 Rb2+ 73.Kc7 Rc2 74.Kb7 Rb2+ 75.Kc8 Rc2 76.c7
Rc3 77.Kd8 Rd3+ 78.Rxd3 {#r} 1-0

[Event "PRO League KO Stage 2017"]
[Site "chess.com INT"]
[Date "2017.03.08"]
[Round "2"]
[White "Caruana,F"]
[Black "Hess,Ro"]
[Result "1-0"]
[WhiteElo "2817"]
[BlackElo "2571"]

1.e4 c5 2.Nf3 d6 3.d4 cxd4 4.Nxd4 Nf6 5.Nc3 a6 6.f3 e5 7.Nb3 Nc6 8.Be3 Be6
9.Nd5 Bxd5 10.exd5 Nb4 11.c4 a5 12.Qd2 b6 13.Nc1 Be7 14.Ne2 O-O 15.Nc3 Nd7
16.Be2 h6 17.O-O Nc5 18.Nb5 Bg5 19.Bxg5 hxg5 20.Bd1 Nba6 21.Bc2 Qf6 22.a3 Rfc8
23.b4 Nb7 24.Bd3 Qf4 25.Qe1 axb4 26.g3 Qf6 27.axb4 Qe7 28.Qd2 Nc7 29.Nxc7 Qxc7
30.Qxg5 b5 31.Rxa8 Rxa8 32.Rc1 bxc4 33.Rxc4 Qb6+ 34.Kg2 Ra2+ 35.Kh3 g6 36.Bxg6
Rxh2+ 37.Kg4 fxg6 38.Qxg6+ Kf8 39.Qf6+ Ke8 40.Qe6+ Kf8 41.f4 Rh7 42.Qf6+ Ke8
43.fxe5 Rf7 44.Qg6 Kf8 45.e6 Rg7 46.e7+ Rxe7 47.Rf4+ {#r} 1-0

[Event "PRO League KO Stage 2017"]
[Site "chess.com INT"]
[Date "2017.03.08"]
[Round "2"]
[White "Yatzenko,A"]
[Black "Gledura,B"]
[Result "1-0"]
[WhiteElo "2356"]
[BlackElo "2588"]

1.d4 Nf6 2.c4 e6 3.Nc3 Bb4 4.Nf3 O-O 5.Qc2 b6 6.a3 Bxc3+ 7.Qxc3 Bb7 8.g3 c5
9.Bg2 Nc6 10.dxc5 bxc5 11.O-O Qb6 12.Be3 Ng4 13.Bf4 Nd4 14.Nxd4 Bxg2 15.Nxe6
fxe6 16.Kxg2 d5 17.f3 d4 18.Qd2 Rxf4 19.Qxf4 Ne3+ 20.Kg1 Qxb2 21.Qe4 Re8
22.Qc6 Rb8 23.Qxe6+ Kh8 24.Qe5 h6 25.g4 Rf8 26.Qxc5 Rxf3 27.Rxf3 Qxa1+ 28.Kf2
Qf1+ 29.Kg3 Qg2+ 30.Kf4 Qxh2+ 31.Ke4 Qxe2 32.Rf8+ Kh7 33.Kxd4 Qxg4+ 34.Kxe3
Qg1+ 35.Rf2 Qe1+ 36.Kf4 g5+ 37.Kf5 Qb1+ 38.Kf6 Qg6+ 39.Ke7 Qe4+ 40.Kd7 Qg4+
41.Kc7 Qg3+ 42.Kb7 Kg6 43.Qf5+ Kh5 44.Qf3+ Qxf3+ 45.Rxf3 g4 46.Rf8 {#r} 1-0

[Event "PRO League KO Stage 2017"]
[Site "chess.com INT"]
[Date "2017.03.08"]
[Round "2"]
[White "Yatzenko,A"]
[Black "Vertetics,A"]
[Result "0-1"]
[WhiteElo "2356"]
[BlackElo "2421"]

1.d4 Nf6 2.c4 c6 3.Nf3 d5 4.Nc3 a6 5.c5 Bf5 6.Qb3 Ra7 7.g3 Nbd7 8.Bf4 Be4
9.Bg2 Bxf3 10.Bxf3 g6 11.O-O Bg7 12.Rad1 O-O 13.Rfe1 Re8 14.Bg2 e6 15.Qc2 b6
16.cxb6 Qxb6 17.Na4 Qb5 18.Bd6 Bf8 19.Bxf8 Rxf8 20.Rc1 Rc8 21.e3 Qb8 22.Qd3
Qb5 23.Qa3 a5 24.Rc2 Qb4 25.Rec1 Qxa3 26.bxa3 Nb8 27.Rb2 Nfd7 28.Rcb1 Kf8
29.Bf1 Ke7 30.Rb7 Rxb7 31.Rxb7 Kf6 32.Nc5 Nxc5 33.dxc5 Rd8 34.f4 Nd7 35.Rc7
Nxc5 36.Rxc6 Ne4 37.Bd3 Rb8 38.Bxe4 dxe4 39.Rc4 Rb1+ 40.Kf2 Rb2+ 41.Kf1 Rxa2
42.a4 Rxh2 43.g4 h5 44.gxh5 Rxh5 45.Rxe4 Rc5 46.Kg2 Kf5 47.Rd4 e5 48.fxe5 Kxe5
49.Kf3 Ke6 50.Re4+ Re5 51.Rc4 Kd6 52.Rc8 Rh5 53.Ra8 Rc5 54.Ra6+ Ke5 55.Ra7 f6
56.Re7+ Kd5 57.Ra7 g5 58.Rf7 Ke5 59.Re7+ Kd6 60.Ra7 f5 61.Ra6+ Ke5 62.Ra8 g4+
63.Kg3 Ke4 64.Re8+ Kd3 65.Kf4 Kc3 66.Rb8 Rd5 67.Rc8+ Kb4 68.Rc6 Kxa4 69.Rb6
Rb5 70.Rd6 Kb3 {#R} 0-1

[Event "PRO League KO Stage 2017"]
[Site "chess.com INT"]
[Date "2017.03.08"]
[Round "2"]
[White "Rosenthal,Nicholas"]
[Black "Brown,Michael William"]
[Result "0-1"]
[WhiteElo "2169"]
[BlackElo "2478"]

1.e4 e5 2.Nf3 Nc6 3.Bc4 Bc5 4.d3 Nf6 5.O-O d6 6.c3 a6 7.Nbd2 O-O 8.h3 h6 9.Bb3
Ba7 10.Bc2 Re8 11.a4 Be6 12.b4 Qd7 13.Nc4 Nxe4 14.dxe4 Bxc4 15.Bd3 Qe6 16.Qe2
Bxd3 17.Qxd3 Rad8 18.b5 Na5 19.bxa6 Nb3 20.Rb1 Nc5 21.Qe2 bxa6 22.Be3 Rb8
23.Bxc5 Bxc5 24.Qxa6 Bxf2+ 25.Kh2 Bb6 26.Qd3 Ra8 27.Ra1 Qd7 28.Qc4 Ra5 29.Nh4
Rea8 30.Nf5 Qe6 31.Qb4 Kh7 32.Rf3 Rc5 33.Ne3 Ba5 34.Qb7 Rf8 35.Nd5 Rc4 36.Qa6
Rc5 37.Raf1 f5 38.Qd3 f4 39.g3 fxg3+ 40.Rxg3 Rg8 41.c4 c6 42.Ne3 Bb4 43.Rfg1
Ra5 44.Rg6 Qxg6 45.Rxg6 Kxg6 46.Nf5 Rxa4 47.Ne7+ Kf7 48.Nxg8 Ra2+ 49.Kh1 Ra1+
50.Kh2 Ra2+ 51.Kh1 Ra1+ 52.Kh2 Kxg8 53.Qb3 Bc5 54.Qb7 Re1 55.Qxc6 Kh7 56.Qd7
Rf1 57.Kg2 Rf4 58.Qe6 Rf2+ 59.Kh1 Rf6 60.Qd7 Rf3 61.Kg2 Rf6 62.Kh1 h5 63.Kg2
Kh6 64.Qd8 Kg6 65.Qe8+ Kh6 66.Qh8+ Kg6 67.Qe8+ Kg5 68.Qe7 Kh6 69.Qe8 Rf4
70.Qh8+ Kg6 71.Qe8+ Kf6 72.Qf8+ Kg6 73.Qe8+ Kg5 74.Qe7+ Kh6 75.Qb7 h4 76.Qd5
Rf2+ 77.Kh1 Kg5 78.Qg8 Kf4 79.Qxg7 Rf1+ 80.Kh2 Rf2+ 81.Kh1 Kxe4 82.Qh7+ Kf3
83.Qh5+ Ke3 84.Qxh4 Kd3 85.Qg3+ Kxc4 86.Qg4+ Bd4 87.h4 Rf4 88.Qe6+ d5 89.Qc6+
Bc5 90.Qa4+ Kd3 {#R} 0-1

[Event "PRO League KO Stage 2017"]
[Site "chess.com INT"]
[Date "2017.03.08"]
[Round "2"]
[White "Nagy,Ga1"]
[Black "Dudukin,Ilya"]
[Result "0-1"]
[WhiteElo "2448"]
[BlackElo "2396"]

1.d4 Nf6 2.c4 Nc6 3.Nf3 e6 4.a3 g6 5.Nc3 Bg7 6.e4 d6 7.Be2 O-O 8.O-O Re8 9.Be3
e5 10.d5 Nd4 11.Nxd4 exd4 12.Bxd4 Nxe4 13.Bxg7 Kxg7 14.Rc1 Nxc3 15.Rxc3 Qf6
16.Bf3 b6 17.Qd2 Bd7 18.b4 Re7 19.h3 Rae8 20.Rfc1 h6 21.c5 Bb5 22.cxb6 cxb6
23.Rc7 h5 24.Rxe7 Rxe7 25.Qa2 h4 26.a4 Bd7 27.b5 Bxh3 28.Qc4 Bf5 29.Bg4 Re4
30.Qxe4 Bxe4 31.Rc7 Bxd5 32.Rxa7 Qa1+ 33.Kh2 Qe5+ 34.Kh3 Qf4 35.a5 Qxf2
36.Rxf7+ Kxf7 37.Be6+ Bxe6+ 38.g4 Qg3# 0-1

[Event "PRO League KO Stage 2017"]
[Site "chess.com INT"]
[Date "2017.03.08"]
[Round "2"]
[White "Perez Ponsa,F"]
[Black "Yanovsky, Vlad"]
[Result "1-0"]
[WhiteElo "2577"]
[BlackElo "2096"]

1.e4 c5 2.Nf3 e6 3.g3 Nc6 4.Bg2 g6 5.d4 cxd4 6.Nxd4 a6 7.O-O Bg7 8.Be3 Nge7
9.c4 O-O 10.Nc3 b6 11.Qd2 Bb7 12.Rad1 Qc7 13.Nde2 Ne5 14.b3 f5 15.Qd6 Qxd6
16.Rxd6 Nc8 17.Rdd1 Bc6 18.h3 fxe4 19.Bxe4 Nf3+ 20.Kg2 b5 21.Rxd7 Bxd7 22.Bxa8
Ne5 23.c5 Ne7 24.Bb7 Bc6+ 25.Bxc6 N7xc6 26.Rd1 Rd8 27.Rxd8+ Nxd8 28.Ne4 Ndc6
29.Nf4 Nd8 30.Ng5 Bh6 31.Ngxe6 Nxe6 32.Nxe6 Bxe3 33.fxe3 Kf7 34.Nd4 Ke7 35.g4
Nd3 36.c6 Kd6 37.Kg3 b4 38.e4 Nc1 39.e5+ Ke7 40.e6 Kd6 41.Kf4 Nxa2 42.Kg5 a5
43.Kf6 Nc3 44.Kg7 Nd5 45.Kxh7 Kc5 46.Ne2 Kxc6 47.Kxg6 a4 48.bxa4 b3 49.Nd4+
Kd6 50.Nxb3 Kxe6 51.h4 {#r} 1-0

[Event "PRO League KO Stage 2017"]
[Site "chess.com INT"]
[Date "2017.03.08"]
[Round "2"]
[White "Akobian,V"]
[Black "Sheng,Joshua"]
[Result "0-1"]
[WhiteElo "2645"]
[BlackElo "2375"]

1.d4 d5 2.c4 e6 3.Nc3 c6 4.e3 Nf6 5.b3 Nbd7 6.Bb2 Bd6 7.Bd3 O-O 8.Nge2 b6 9.e4
Nxe4 10.Nxe4 dxe4 11.Bxe4 Bb7 12.g3 Qc7 13.O-O c5 14.Nc3 a6 15.Qf3 Bxe4
16.Nxe4 cxd4 17.Bxd4 Be5 18.Rad1 Rad8 19.Qe3 Bxd4 20.Rxd4 Ne5 21.Rfd1 Nc6
22.Rxd8 Rxd8 23.Rxd8+ Qxd8 24.c5 bxc5 25.Qxc5 Qd7 26.Nd6 a5 27.a3 e5 28.b4
axb4 29.axb4 Nd4 30.b5 Qh3 31.f4 Ne2+ 32.Kf2 Qxh2+ 33.Ke3 Qg1+ {#R} 0-1

[Event "PRO League KO Stage 2017"]
[Site "chess.com INT"]
[Date "2017.03.08"]
[Round "2"]
[White "Khachiyan,M"]
[Black "So,W"]
[Result "0-1"]
[WhiteElo "2530"]
[BlackElo "2822"]

1.e4 e6 2.d4 d5 3.exd5 exd5 4.Nf3 Nf6 5.Bd3 Bd6 6.O-O O-O 7.Bg5 Bg4 8.Nbd2
Nbd7 9.Re1 c6 10.c3 Qc7 11.Qc2 Rae8 12.Bh4 g6 13.Bg3 Bxg3 14.hxg3 Rxe1+
15.Rxe1 Re8 16.Rxe8+ Nxe8 17.Nf1 Nd6 18.Ne3 Bxf3 19.gxf3 Kg7 20.Kg2 Nf6 21.Ng4
Nxg4 22.fxg4 Qe7 23.Qe2 Qxe2 24.Bxe2 g5 25.Bd3 h6 26.f3 Kf6 27.Kf2 Ke6 28.Ke3
b6 29.b3 c5 30.b4 cxb4 31.cxb4 Nc4+ 32.Ke2 Nb2 33.b5 Nc4 34.Bxc4 dxc4 35.Kd2
Kd6 36.Kc2 Kd5 37.Kc3 f6 38.a3 f5 39.gxf5 h5 40.f6 Ke6 {#R} 0-1

[Event "PRO League KO Stage 2017"]
[Site "chess.com INT"]
[Date "2017.03.08"]
[Round "2"]
[White "Pert,N"]
[Black "Meier,Geo"]
[Result "0-1"]
[WhiteElo "2565"]
[BlackElo "2630"]

1.d4 Nf6 2.Nf3 d5 3.c4 e6 4.Nc3 Be7 5.Bf4 O-O 6.e3 Nbd7 7.Be2 dxc4 8.O-O c5
9.dxc5 Nxc5 10.Bxc4 a6 11.Ne5 Ncd7 12.Be2 Nxe5 13.Bxe5 Qa5 14.Bg3 Bd7 15.Bf3
Rad8 16.Qb3 b5 17.Rac1 Rc8 18.a3 Qb6 19.h3 Bc6 20.Bxc6 Rxc6 21.Ne2 Rfc8
22.Rxc6 Rxc6 23.Nc3 Rc4 24.Rd1 Qc6 25.Rd4 Rxd4 26.exd4 Nd5 27.Nxd5 exd5 28.Bf4
f6 29.Qd3 g6 30.h4 Qe6 31.Qe3 Qxe3 32.Bxe3 Kf7 33.f3 Ke6 34.Kf2 a5 35.Bd2 a4
36.Ke3 h5 37.g4 Bd6 38.Be1 Bc7 39.Bf2 Ba5 40.Bg3 b4 41.axb4 Bxb4 42.Kd3 Kd7
43.Bf2 Kc6 44.Bg3 Be7 45.Kc3 Kb5 46.Bf2 Bd6 47.Be1 Bf4 48.Bf2 Bh6 49.Be1 Be3
50.Bg3 Bg1 51.Be1 f5 52.gxh5 gxh5 53.Bg3 Be3 54.Be1 Bf4 55.Bf2 Bd6 56.Be3 a3
57.bxa3 Bxa3 58.Bg5 Ka4 59.Bf6 Bd6 60.Bg5 Bg3 61.Be7 Be1+ 62.Kd3 Kb3 63.Ke2
Bg3 64.Kd3 Bf4 65.Bg5 Bd6 66.Bd2 Bg3 67.Bg5 Kb2 68.Kd2 f4 69.Bf6 Bf2 70.Be5
Be3+ 71.Kd3 Kc1 72.Kc3 Kd1 73.Kb4 Ke2 74.Kc5 Kxf3 75.Kxd5 Kg4 76.Ke4 Bd2 77.d5
f3 78.Bd4 Be1 79.d6 f2 80.Bxf2 Bxf2 81.Kd3 Kf3 82.Kd2 Bxh4 83.d7 Bd8 84.Ke1
Kg2 {#R} 0-1

[Event "PRO League KO Stage 2017"]
[Site "chess.com INT"]
[Date "2017.03.08"]
[Round "2"]
[White "Gonzalez,Ren"]
[Black "Pichot,A"]
[Result "0-1"]
[WhiteElo "2451"]
[BlackElo "2556"]

1.Nf3 Nf6 2.g3 g6 3.Bg2 Bg7 4.O-O O-O 5.d4 d6 6.a4 Na6 7.b3 c5 8.Bb2 Bf5 9.c3
cxd4 10.Nxd4 Be4 11.f3 Bc6 12.e4 Nc7 13.Na3 Nd7 14.Qc2 d5 15.Nxc6 bxc6 16.f4
Qb8 17.Rab1 Qb6+ 18.Kh1 Rab8 19.b4 Rfc8 20.c4 Bxb2 21.Rxb2 a5 22.exd5 cxd5
23.b5 Qc5 24.Qd3 Nb6 25.cxd5 Ncxd5 26.Rc2 Nb4 27.Rxc5 Nxd3 28.Rc6 Nb4 29.Rxc8+
Rxc8 30.Nb1 Nxa4 31.Nd2 Nb6 32.Rb1 N4d5 33.Nb3 a4 34.Nd4 Rc4 35.Nc6 a3 36.Bxd5
Nxd5 37.Ra1 Ra4 38.b6 Nxb6 39.Nxe7+ Kg7 40.Nc6 Nd5 41.Ne5 Nc3 42.Nd3 a2 43.Nc1
Kf6 44.Kg2 Rb4 45.Nxa2 Rb2+ 46.Kf3 Rxa2 47.Rc1 Nd5 48.h3 Ra3+ 49.Kf2 h5
50.Rc6+ Kg7 51.Rd6 Ne7 52.g4 Rxh3 {#R} 0-1

[Event "PRO League KO Stage 2017"]
[Site "chess.com INT"]
[Date "2017.03.08"]
[Round "2"]
[White "So,W"]
[Black "Dreev,A"]
[Result "1-0"]
[WhiteElo "2822"]
[BlackElo "2651"]

1.d4 d5 2.c4 c6 3.Nc3 Nf6 4.Nf3 e6 5.Bg5 Nbd7 6.e3 Qa5 7.cxd5 Nxd5 8.Qd2 Bb4
9.Rc1 b6 10.a3 Bxc3 11.bxc3 h6 12.Bh4 c5 13.c4 Qxd2+ 14.Nxd2 Ne7 15.f3 Ba6
16.Be2 f5 17.O-O Kf7 18.Nb3 Rac8 19.Rfe1 Rhd8 20.Bf1 g5 21.Bf2 cxd4 22.exd4 f4
23.a4 Nf5 24.a5 Rc7 25.axb6 axb6 26.Nd2 Nd6 27.g3 fxg3 28.Bxg3 Rc6 29.Rxe6 Nf6
30.Rce1 Bc8 31.Re7+ Kg6 32.d5 Nf5 33.Bd3 Nxd5 34.cxd5 Rxd5 35.Nc4 Rxd3 36.Ne5+
Kh5 37.Nxd3 Nxe7 38.Rxe7 Rc3 39.Ne5 Bh3 40.Kf2 b5 41.Rb7 Rb3 42.Rb6 Bf5 43.Nf7
Bg6 44.Ne5 Bf5 45.h3 Rb2+ 46.Ke1 Rb1+ 47.Kd2 Rb2+ 48.Kc3 Rc2+ 49.Kd4 {#r} 1-0

[Event "PRO League KO Stage 2017"]
[Site "chess.com INT"]
[Date "2017.03.08"]
[Round "2"]
[White "So,W"]
[Black "Brown,Michael William"]
[Result "1-0"]
[WhiteElo "2822"]
[BlackElo "2478"]

1.e4 e5 2.Nf3 Nc6 3.Bb5 a6 4.Ba4 Nf6 5.O-O Be7 6.Re1 b5 7.Bb3 d6 8.c3 O-O 9.h3
Na5 10.Bc2 c5 11.d4 Qc7 12.Nbd2 cxd4 13.cxd4 Rd8 14.b3 Nc6 15.Bb2 Bb7 16.Rc1
Qb6 17.d5 Nb4 18.Bb1 a5 19.Nf1 Bf8 20.Bc3 Na6 21.Bd2 Rdc8 22.Be3 Nc5 23.Bd3
Nfd7 24.Ng3 g6 25.a3 b4 26.a4 Ba6 27.Be2 Qb7 28.Rc2 Rc7 29.Bxa6 Qxa6 30.Qe2
Qxe2 31.Nxe2 Rac8 32.Rec1 Be7 33.Nd2 Bd8 34.g4 Nd3 35.Rxc7 Rxc7 36.Rc4 Rxc4
37.Nxc4 Bc7 38.f3 f6 39.Kf1 Kf7 40.Ng3 N7c5 41.Nd2 Bb6 42.Nc4 Bc7 43.Nd2 Bb6
44.Ke2 Nc1+ 45.Kd1 N1d3 46.Ngf1 Ke7 47.Nc4 Bc7 48.Ke2 Kd7 49.Kd2 Ke7 50.h4 Kf7
51.Ng3 Ke7 52.h5 Kf7 53.Ne2 Ke7 54.Ng3 Kf7 55.hxg6+ hxg6 56.g5 Kg7 57.gxf6+
Kxf6 58.Nf1 Ke7 59.Nh2 Kd7 60.Ng4 Bd8 61.Bh6 Ke8 62.Nxd6+ Kd7 63.Nc4 Bc7
64.Be3 Ke7 65.Ngxe5 Bxe5 66.Nxe5 Nxe5 67.Bxc5+ Kd7 68.f4 Ng4 69.e5 Nh6 70.Kd3
Nf5 71.Kc4 Ng3 72.Kb5 {#r} 1-0

[Event "PRO League KO Stage 2017"]
[Site "chess.com INT"]
[Date "2017.03.08"]
[Round "2"]
[White "Oussedik,E"]
[Black "Lenderman,A"]
[Result "0-1"]
[WhiteElo "2155"]
[BlackElo "2578"]

1.d4 Nf6 2.c4 e6 3.Nf3 d5 4.e3 a6 5.Nbd2 c5 6.cxd5 exd5 7.dxc5 Bxc5 8.Nb3 Bd6
9.Be2 O-O 10.O-O Nc6 11.Bd2 Bc7 12.Rc1 Ne4 13.Bc3 Qd6 14.Nbd4 Re8 15.a3 Qh6
16.Qc2 Bg4 17.g3 Rac8 18.Qd3 Qh5 19.Nxc6 bxc6 20.Nd4 Bxe2 21.Qxe2 Qxe2 22.Nxe2
Bb6 23.Kg2 f6 24.b4 Nd6 25.Bd4 Bd8 26.Rc3 Nc4 27.Bc5 Bc7 28.Rfc1 Be5 29.Nd4
Kf7 30.R1c2 Bxd4 31.Bxd4 Re6 32.Bc5 h5 33.h3 g5 34.Rd3 Kg6 35.Rd4 Nxa3 36.Ra2
Nb5 37.Rd3 Ra8 38.Ra5 f5 39.Rd1 f4 40.Rda1 fxe3 41.fxe3 Nc7 42.Bb6 Rc8 43.Rc1
Kf5 44.Bxc7 Rxc7 45.Rxd5+ cxd5 46.Rxc7 Rxe3 47.Ra7 Rb3 48.Rxa6 Rxb4 49.Rh6
Rb2+ 50.Kf1 Ke4 51.Rxh5 Kf3 52.Ke1 Ke3 53.Kd1 Rh2 54.h4 d4 55.Rxg5 Rh1+ 56.Kc2
d3+ 57.Kc3 Rc1+ 58.Kb2 d2 59.Re5+ Kf3 60.Rd5 d1=Q 61.Rxd1 Rxd1 62.h5 Rh1 {#R}
0-1

[Event "PRO League KO Stage 2017"]
[Site "chess.com INT"]
[Date "2017.03.08"]
[Round "2"]
[White "Oussedik,E"]
[Black "Arnold,Mar"]
[Result "0-1"]
[WhiteElo "2155"]
[BlackElo "2524"]

1.d4 e6 2.c4 Bb4+ 3.Bd2 a5 4.a3 Bxd2+ 5.Qxd2 Nf6 6.Nc3 d6 7.g3 Nc6 8.Bg2 O-O
9.Nf3 Bd7 10.d5 Ne7 11.O-O e5 12.b4 Bf5 13.Rfe1 Ne4 14.Nxe4 Bxe4 15.Nh4 Bxg2
16.Nxg2 Qd7 17.e4 f5 18.exf5 Nxf5 19.Qd3 Nd4 20.f4 Qg4 21.Kh1 Nf3 22.Re3 Rae8
23.Qe2 e4 24.Ne1 Rxf4 25.Ng2 Rff8 26.Rf1 Nd4 27.Qe1 Nc2 28.Rxf8+ Rxf8 29.Qg1
Nxe3 30.Nxe3 Qf3+ 31.Ng2 axb4 32.axb4 Qf1 33.Nf4 Qxg1+ 34.Kxg1 g5 35.Ne6 Rf3
36.Nxg5 Rc3 37.c5 e3 38.Kf1 dxc5 39.bxc5 Rxc5 40.Ne4 Rc2 41.d6 cxd6 42.Nxd6 b6
43.h4 h5 44.Ke1 Kh7 45.Kd1 Rd2+ {#R} 0-1

[Event "PRO League KO Stage 2017"]
[Site "chess.com INT"]
[Date "2017.03.08"]
[Round "2"]
[White "Agrest,I"]
[Black "Pert,R"]
[Result "1-0"]
[WhiteElo "2273"]
[BlackElo "2414"]

1.e4 c5 2.Nf3 d6 3.d4 cxd4 4.Nxd4 Nf6 5.Nc3 g6 6.Be3 Bg7 7.f3 Nc6 8.Qd2 O-O
9.Bc4 Bd7 10.Bb3 Rc8 11.h4 h5 12.O-O-O Ne5 13.g4 hxg4 14.h5 Nxh5 15.Rdg1 Qa5
16.Bh6 Bf6 17.fxg4 Nxg4 18.Nf5 Bxf5 19.exf5 Qxf5 20.Rxg4 Qxg4 21.Nd5 Rfe8
22.Be3 Bg7 23.Rg1 Qe4 24.c3 e6 25.Nf4 Nxf4 26.Bxf4 d5 27.Bc2 Qf3 28.Bd1 Bxc3
29.Bxf3 Bxd2+ 30.Kxd2 e5 31.Bh6 e4 32.Bg4 Rc4 33.Be2 e3+ 34.Kd3 Rh4 35.Bg5 Rh3
36.Bf6 Rh2 37.Bd4 Rh3 38.Rg5 Kh7 39.Rxd5 Re7 40.Rd8 g5 41.Rh8+ Kg6 42.Rxh3 f5
43.Rxe3 Rd7 44.Re6+ Kh7 45.Rf6 Rd5 46.Bf3 Ra5 47.Rf7+ Kg6 48.Rg7+ Kh6 49.Rxb7
g4 50.Be3+ Kg6 51.Bc6 Ra6 52.Bb5 Rxa2 53.Bc4 Ra5 54.Rxa7 Re5 55.Rd7 g3 56.Bd4
Re4 57.Rg7+ Kh5 58.Rxg3 Rh4 59.Bf7+ Kh6 60.Bf6 Rh1 61.Bd5 f4 62.Bxh1 fxg3
63.b4 Kg6 64.Be5 Kf5 65.Bxg3 Ke6 {#r} 1-0

[Event "PRO League KO Stage 2017"]
[Site "chess.com INT"]
[Date "2017.03.08"]
[Round "2"]
[White "Agrest,I"]
[Black "Jones,G"]
[Result "0-1"]
[WhiteElo "2273"]
[BlackElo "2676"]

1.e4 g6 2.d4 Bg7 3.Nc3 d6 4.Nf3 Nf6 5.Bf4 O-O 6.Qd2 c5 7.d5 a6 8.a4 Qa5 9.Ra3
Qb4 10.Rb3 Nxe4 11.Nxe4 Qxe4+ 12.Be2 Qxa4 13.O-O Nd7 14.Bh6 Nf6 15.Bxg7 Kxg7
16.Re3 Re8 17.c4 Bg4 18.Ng5 Qb4 19.Qc2 Bf5 20.Bd3 Bxd3 21.Rxd3 b5 22.b3 a5
23.f4 a4 24.cxb5 axb3 25.Qxb3 Qxb3 26.Rxb3 Nxd5 27.f5 h6 28.Ne4 gxf5 29.Rxf5
Ra1+ 30.Kf2 Ra2+ 31.Kg1 Nf6 32.Nxf6 exf6 33.Rg3+ Kf8 34.h3 Rb2 35.Rxf6 Re6
36.Rf5 Rxb5 37.Rgf3 Rb7 38.Kf2 Rb2+ 39.Kg1 Rb7 40.Kf2 Kg7 41.Rg3+ Rg6 42.Rgf3
Rb2+ 43.Kf1 Rb7 44.Kf2 Rd7 45.g4 d5 46.Rc3 c4 47.Kg3 Rf6 48.Re5 Re6 49.Rf5 Rc6
50.Rf4 d4 51.Rc1 d3 52.Kf2 d2 53.Rd1 c3 {#R} 0-1

[Event "PRO League KO Stage 2017"]
[Site "chess.com INT"]
[Date "2017.03.08"]
[Round "2"]
[White "Dreev,A"]
[Black "Finegold,B"]
[Result "1-0"]
[WhiteElo "2651"]
[BlackElo "2481"]

1.d4 d5 2.c4 Nc6 3.Nc3 e5 4.cxd5 Nxd4 5.e3 Nf5 6.Nf3 Bd6 7.Bb5+ Kf8 8.e4 Nfe7
9.Be2 Nf6 10.Nd2 Ng6 11.Nc4 h6 12.Be3 Kg8 13.O-O Kh7 14.Nxd6 cxd6 15.Rc1 Nf4
16.Bxf4 exf4 17.Qd2 g5 18.Bd3 Kg7 19.Nb5 a6 20.Nc7 Ra7 21.Qc3 Qe7 22.Rfe1 Qe5
23.Qxe5 dxe5 24.a4 a5 25.Nb5 Ra6 26.Rc7 Rb6 27.Re7 Bd7 28.Rxe5 Rc8 29.h3 f3
30.g4 Kf8 31.Re3 Rc1+ 32.Kh2 Bxg4 33.d6 Bd7 34.Rxf3 Bxb5 35.Rxf6 Kg7 36.d7
Rxf6 37.d8=Q Bxd3 38.Qxd3 Rxf2+ 39.Kg3 Rcc2 40.Qd4 Rg2+ 41.Kf3 Kg6 42.Rd5 Rh2
43.Rd6+ Kh5 44.Rxh6+ Kxh6 45.Qf6+ Kh7 46.Qxf7+ Kh6 47.Qf6+ Kh7 48.Qf7+ Kh6
49.Qe6+ Kh7 50.Kg4 Rcg2+ 51.Kh5 g4 52.Qf7+ Kh8 53.Qf8+ Kh7 54.Qe7+ Kg8 55.h4
Rc2 56.Qe8+ Kg7 57.Qe7+ Kg8 58.Qd8+ Kf7 59.Qd7+ Kf8 60.Qf5+ Ke7 61.Qe5+ Kd7
62.Kxg4 Rhg2+ 63.Kh5 Rxb2 64.Qd5+ Kc7 65.Qxa5+ Kc8 66.Qf5+ Kc7 67.e5 Rbf2
68.Qe6 Re2 69.Kh6 b6 70.Qd6+ Kb7 71.e6 Rgf2 72.e7 Rh2 73.Qd7+ Ka6 74.Qd3+ Kb7
75.Qd7+ Ka6 76.h5 Re5 77.e8=Q Rxe8 78.Qxe8 Ka7 79.Qd7+ Ka6 80.Qb5+ Ka7 81.a5
Rc2 82.Qxb6+ Ka8 83.Qa6+ Kb8 84.Qb5+ Ka7 85.Qb6+ Ka8 86.Qb4 Rc6+ 87.Kg5 Ka7
88.Qb6+ Rxb6 89.axb6+ Kxb6 90.h6 Kc6 91.h7 Kd5 92.h8=Q Ke4 93.Qf6 Kd5 94.Qe7
Kc4 95.Qd6 Kc3 96.Qd5 Kc2 97.Qd4 Kb3 98.Qc5 Kb2 99.Qc4 Kb1 100.Qc3 Ka2 101.Qb4
Ka1 102.Kf4 {#r} 1-0

[Event "PRO League KO Stage 2017"]
[Site "chess.com INT"]
[Date "2017.03.08"]
[Round "2"]
[White "Izoria,Z"]
[Black "Durarbayli,V"]
[Result "1-0"]
[WhiteElo "2594"]
[BlackElo "2627"]

1.Nf3 c5 2.c4 Nf6 3.Nc3 e6 4.e3 d5 5.d4 dxc4 6.Bxc4 a6 7.O-O b5 8.Be2 Bb7
9.dxc5 Qxd1 10.Rxd1 Bxc5 11.Nd2 Nbd7 12.Nb3 Bb6 13.a4 b4 14.a5 bxc3 15.axb6
cxb2 16.Bxb2 Nxb6 17.Na5 Bd5 18.f3 e5 19.Bxe5 Be6 20.Bd6 Nbd5 21.Ra3 Nd7 22.e4
N5b6 23.f4 g6 24.f5 gxf5 25.exf5 Bxf5 26.Bf3 f6 27.Re1+ Kf7 28.Re7+ Kg6 29.Bc6
Rae8 30.Rg3+ Kh5 31.Bf3+ Kh4 32.Bf4 Rxe7 33.Rh3+ Bxh3 34.g3# 1-0

[Event "PRO League KO Stage 2017"]
[Site "chess.com INT"]
[Date "2017.03.08"]
[Round "2"]
[White "Sheng,Joshua"]
[Black "So,W"]
[Result "0-1"]
[WhiteElo "2375"]
[BlackElo "2822"]

1.d4 Nf6 2.Nc3 d5 3.Bf4 e6 4.Nb5 Na6 5.a3 c6 6.Nc3 Bd6 7.e3 b6 8.Nf3 Bxf4
9.exf4 O-O 10.Be2 c5 11.O-O Nb8 12.Ne5 Ba6 13.Nb5 Ne4 14.f3 Bxb5 15.fxe4 Bxe2
16.Qxe2 Nd7 17.exd5 exd5 18.Rad1 Nf6 19.c4 Qc7 20.cxd5 Nxd5 21.dxc5 Qxc5+
22.Kh1 Rad8 23.Rc1 Qd6 24.Qf3 f6 25.Nc6 Rd7 26.Rfd1 Rc8 27.Ne7+ Nxe7 28.Rxc8+
Nxc8 29.Rxd6 Nxd6 30.Qc6 Re7 31.h3 Ne4 32.g4 g5 33.Kg2 Kg7 34.h4 gxf4 35.Kf3
Nc5 36.Kxf4 Nd3+ 37.Kg3 Re3+ 38.Kg2 Re2+ 39.Kf3 Ne5+ 40.Kxe2 Nxc6 41.Ke3 Ne5
42.Kf4 Nd3+ {#R} 0-1

[Event "PRO League KO Stage 2017"]
[Site "chess.com INT"]
[Date "2017.03.08"]
[Round "2"]
[White "Christiansen,Johan-Sebastian"]
[Black "Lalith,B"]
[Result "0-1"]
[WhiteElo "2426"]
[BlackElo "2593"]

1.Nf3 Nf6 2.c4 c5 3.g3 b6 4.Bg2 Bb7 5.O-O g6 6.d4 cxd4 7.Qxd4 Bg7 8.Nc3 d6
9.Be3 Nbd7 10.Rac1 Rc8 11.b3 O-O 12.Qh4 a6 13.Rfd1 Re8 14.Bh3 h5 15.Ng5 Bc6
16.Nd5 Bxd5 17.cxd5 Rxc1 18.Rxc1 Qa8 19.Bxd7 Nxd7 20.Rc7 Nf6 21.Bxb6 Qxd5
22.Qc4 Qxg5 23.Qc6 Qd2 24.e3 h4 25.Kg2 h3+ 26.Kxh3 Qxf2 27.Bd4 e5 28.Bc3 g5
29.g4 e4 30.Bxf6 Qf3# 0-1

[Event "PRO League KO Stage 2017"]
[Site "chess.com INT"]
[Date "2017.03.08"]
[Round "2"]
[White "Christiansen,Johan-Sebastian"]
[Black "Grover,S"]
[Result "0-1"]
[WhiteElo "2426"]
[BlackElo "2473"]

1.Nf3 Nf6 2.c4 e6 3.g3 d5 4.Bg2 dxc4 5.O-O c6 6.Qc2 b5 7.b3 cxb3 8.axb3 Bb7
9.d4 Be7 10.Rd1 O-O 11.Ne5 Qb6 12.Bg5 h6 13.Bxf6 Bxf6 14.Nc3 Rd8 15.e3 Bxe5
16.dxe5 Nd7 17.Ne4 Nxe5 18.Nc5 a5 19.h3 Qc7 20.f4 Ng6 21.Nxb7 Rxd1+ 22.Rxd1
Qxb7 23.Bxc6 Rc8 24.Rd8+ Nf8 25.Rxc8 Qxc8 26.Qc5 b4 27.Qb6 Nd7 28.Qb5 Nf6
29.Kh2 Qd8 30.Bg2 Nd5 31.Qd3 Qb6 32.e4 Qe3 33.Qb5 Nc3 34.Qf1 Nxe4 35.Bxe4 Qxe4
36.Qd1 Qe3 37.Qc2 Qc3 38.Qa2 Qc5 39.Kg2 Qd5+ 40.Kf2 g5 41.fxg5 hxg5 42.Qa4 Kg7
43.Qa1+ Kg6 44.Qa4 e5 45.Qe8 Qd2+ 46.Kg1 Qe3+ 47.Kg2 Qe2+ 48.Kg1 Qe1+ 49.Kg2
Qe4+ 50.Kg1 Qb1+ 51.Kg2 Qxb3 52.Qg8+ Kf5 53.Qc8+ Kf6 54.Qd8+ Kf5 55.Qc8+ Ke4
56.Qb7+ Qd5 57.Qb6 b3 58.Kh2 Kf3 59.Qf6+ Ke2 60.Qa6+ Qd3 61.Qb7 e4 62.Qxf7 b2
63.Qb7 b1=Q 64.Qf7 Qf1 65.Qa2+ Qd2 66.Qc4+ Ke1+ 67.Qe2+ Qfxe2+ 68.Kh1 Qf1# 0-1

[Event "PRO League KO Stage 2017"]
[Site "chess.com INT"]
[Date "2017.03.08"]
[Round "2"]
[White "Kiewra,K"]
[Black "Rosenthal,Nicholas"]
[Result "0-1"]
[WhiteElo "2429"]
[BlackElo "2169"]

1.d4 e6 2.Nf3 f5 3.c4 Nf6 4.g3 d5 5.Bg2 c6 6.O-O Bd6 7.b3 Qe7 8.Bb2 O-O 9.Nbd2
Ne4 10.Ne5 Nd7 11.Nd3 g5 12.f3 Nxd2 13.Qxd2 f4 14.e4 fxg3 15.e5 gxh2+ 16.Kh1
Bc7 17.Bh3 Rf7 18.f4 Nf8 19.fxg5 Ng6 20.Rf6 Bd7 21.Raf1 Raf8 22.Nc5 Nxe5
23.dxe5 Qxc5 24.Bd4 Qe7 25.c5 Qe8 26.Qxh2 Bd8 27.Bg4 Bxf6 28.exf6 e5 29.Bxd7
Qxd7 30.Bxe5 d4 31.Bd6 Re8 32.Rg1 Qf5 33.Be7 Qe4+ 34.Qg2 Qh4+ 35.Qh2 Qe4+
36.Qg2 Rfxe7 37.fxe7 Rxe7 38.g6 h6 39.Rd1 Qh4+ 40.Kg1 Re1+ 41.Rxe1 Qxe1+
42.Kh2 Qh4+ 43.Kg1 Qg5 {#R} 0-1